000 01240nam a2200253Ia 4500
999 _c3389
_d3389
003 OSt
005 20200422133203.0
008 191128s2016 ck ao gr 000 0 spa d
020 _a9789585895119
040 _aCO-JMCR
_cCO-JMCR
041 0 _aspa
082 0 4 _a303.66 /
_bS161s
100 1 _aSalazar, Hernando,
_eautor
_93395
245 1 0 _aSuecia siembra y cosecha paz en Colombia /
_cHernando Salazar
260 _aBogotá :
_bPanamericana formas e impresos,
_c2016
300 _a171 páginas :
_bfotografías a color ;
_c22 cm.
505 _a¿por qué este libro? -- Los primeros pasos -- Siempre con los derechos humanos -- Construyendo paz en medio del conflicto -- Visión hacia el futuro -- Suecia apoya el camino de Colombia hacia la paz sostenible
520 _aEn los últimos años, Colombia ha venido transitando un nuevo camino hacia la paz con la apuesta por una solución negociada a un conflicto armado interno de más de cinco décadas. La ciudadanía colombiana disfrutará esa paz y le sacará provecho.
650 1 4 _aConflicto armado
_zColombia
_93396
650 2 4 _aViolencia política
_zColombia
_93397
650 2 4 _aProceso de paz
_zColombia
_93398
650 2 4 _aNegociación
_zColombia
_93399
942 _2ddc
_cBK